000 00402nam a2200133Ia 4500
008 220217s9999||||xx |||||||||||||| ||und||
020 _a81-7808-903-3
082 _a004.6 LIM
100 _aLimoncelli, Thomas, A Hogan, Christine
_93543
245 0 _aPractice of system and network administrations
260 _aPearson education asia
_bDelhi
_c2003
300 _b395
650 _aCOMPUTER NETWORK
999 _c172156
_d172156